Books by Chapter Titles Quiz Stats

Quiz Updated Apr 11, 2016

Challenge
Share
Tweet
Embed
Score 0/17 Timer 06:00
0 Plays Today
Chapters Book % Correct
Down the Rabbit-Hole, Pig and Pepper, Who Stole the Tarts?'Alice's Adventures in Wonderland' by Lewis Carroll
87.3%
The Boy Who Lived, The Midnight Duel, The Forbidden Forest'Harry Potter and the Sorcerer's Stone' by J.K. Rowling
69.1%
A Long Expected Party, Strider, The Council of Elrond'The Fellowship of the Ring' by J.R.R. Tolkien
67.7%
Kaa's Hunting, 'Tiger! Tiger!', Shiv of the Grasshopper'The Jungle Book' by Rudyard Kipling
63.5%
The Cyclone, The Deadly Poppy Field, Home Again'The Wonderful Wizard of Oz' by L. Frank Baum
62.8%
Wrecked on a Desert Island, Friday's Education, Visit of Mutineers'Robinson Crusoe' by Daniel Defoe
52.8%
Hester and Pearl, A Flood of Sunshine, The New England Holiday'The Scarlet Letter' by Nathaniel Hawthorne
46.1%
Mistress Mary Quite Contrary, The Key of the Garden, Dickon'The Secret Garden' by Frances Hodgson Burnett
45.5%
Eliza's Escape, Of Tom's New Master, and Various Other Matters, The Liberator'Uncle Tom's Cabin' by Harriet Beecher Stowe
45.4%
Chapters Book % Correct
The Sound of the Shell, Painted Faces and Long Hair, Shadows and Tall Trees'Lord of the Flies' by William Golding
39.6%
The Chief Rabbit, Hazel's Decision, Across the Iron Road'Watership Down' by Richard Adams
38.2%
The Chateau D'if, The Treasure, The Vendetta'The Count of Monte Cristo' by Alexandre Dumas
37.4%
Economy, Solitude, The Pond in Winter'Walden' by Henry David Thoreau
30.1%
The Crime, Summary of the Passengers' Evidence, Which of Them?'Murder on the Orient Express' by Agatha Christie
27.1%
Jonathan Harker's Journal, Cutting From 'The Dailygraph', 8 August, Dr. Seward's Diary 'Dracula' by Bram Stoker
25.2%
The John Galt Line, Miracle Metal, The Utopia of Greed'Atlas Shrugged' by Ayn Rand
21.6%
I am Born, Dora's Aunts, A Visitor'David Copperfield' by Charles Dickens
16.3%

You're not logged in!

Compare scores with friends on all Sporcle quizzes.
Sign Up with Email
OR
Log In

You Might Also Like...

Show Comments

Extras

Top Quizzes Today


Score Distribution

Your Account Isn't Verified!

In order to create a playlist on Sporcle, you need to verify the email address you used during registration. Go to your Sporcle Settings to finish the process.